| 000 | 00662nam a22002177a 4500 | ||
|---|---|---|---|
| 003 | OSt | ||
| 005 | 20220704052047.0 | ||
| 008 | |||
| 020 | _a0878932704 | ||
| 040 |
_aMMU _cMMU _dMMU _beng |
||
| 050 | 0 | 0 | _aQH352 .G67 1995 |
| 082 | 0 | 0 | _220 |
| 100 | 1 |
_aGotelli, Nicholas J., _d1959- |
|
| 245 | 1 | 2 |
_aA primer of ecology / _cNicholas J. Gotelli. |
| 260 |
_aSunderland, Mass. : _bSinauer Associates, _cc1995. |
||
| 300 |
_axvii, 206 p. : _bill., map ; _c23 cm. |
||
| 500 | _aIncludes bibliographical references (p. [196]-200) and index. | ||
| 650 | 0 |
_aPopulation biology _xMathematical models. |
|
| 650 | 0 |
_aEcology _xMathematical models. |
|
| 942 |
_2lcc _cLOAN LOAN |
||
| 999 |
_c26644 _d26644 |
||